[Event "Campeonato de España Rapid 2017"]
[Site "Linares"]
[Date "2017.08.13"]
[Round "3"]
[White "Alonso Rosell, Alvar"]
[Black "Senlle Caride, Miguel"]
[Result "1/2-1/2"]
[Board "14"]
[WhiteTitle "GM"]
[WhiteElo "2560"]
[WhiteCountry "ESP"]
[WhiteFideId "2270544"]
[WhiteEloChange "-3"]
[BlackTitle "FM"]
[BlackElo "2298"]
[BlackCountry "ESP"]
[BlackFideId "2282500"]
[BlackEloChange "6"]

1. d4 {[%clk 0:15:05]} Nf6 {[%clk 0:15:05]} 2. c4 {[%clk 0:15:05]} e6 {[%clk
0:15:05]} 3. g3 {[%clk 0:15:05]} d5 {[%clk 0:15:05]} 4. Bg2 {[%clk 0:15:05]} Be7
{[%clk 0:15:05]} 5. Nf3 {[%clk 0:15:05]} O-O {[%clk 0:15:05]} 6. O-O {[%clk
0:15:05]} dxc4 {[%clk 0:15:05]} 7. Ne5 {[%clk 0:15:05]} c5 {[%clk 0:15:05]} 8.
dxc5 {[%clk 0:15:05]} Qc7 {[%clk 0:15:05]} 9. Nxc4 {[%clk 0:15:05]} Qxc5 {[%clk
0:15:05]} 10. b3 {[%clk 0:15:05]} Rd8 {[%clk 0:15:05]} 11. Nbd2 {[%clk 0:15:05]}
Nc6 {[%clk 0:15:05]} 12. Ba3 {[%clk 0:15:05]} Nb4 {[%clk 0:15:05]} 13. Bb2 {[%clk
0:15:05]} Qb5 {[%clk 0:15:05]} 14. a3 {[%clk 0:15:05]} Nc6 {[%clk 0:15:05]} 15.
a4 {[%clk 0:15:05]} Qa6 {[%clk 0:15:05]} 16. Rc1 {[%clk 0:15:05]} Bb4 {[%clk
0:12:56]} 17. Qc2 {[%clk 0:12:55]} Bxd2 {[%clk 0:12:05]} 18. Nxd2 {[%clk
0:12:49]} Qxe2 {[%clk 0:12:05]} 19. Rfd1 {[%clk 0:09:30]} e5 {[%clk 0:11:01]} 20.
Bxc6 {[%clk 0:06:44]} bxc6 {[%clk 0:09:34]} 21. Nf1 {[%clk 0:06:03]} Bg4 {[%clk
0:06:57]} 22. Qxe2 {[%clk 0:06:03]} Bxe2 {[%clk 0:06:51]} 23. Re1 {[%clk
0:06:03]} Bf3 {[%clk 0:06:22]} 24. Bxe5 {[%clk 0:05:56]} Nd7 {[%clk 0:04:54]} 25.
Bf4 {[%clk 0:05:49]} Re8 {[%clk 0:04:54]} 26. Nd2 {[%clk 0:05:43]} Bd5 {[%clk
0:04:54]} 27. Bd6 {[%clk 0:05:23]} f6 {[%clk 0:04:49]} 28. f3 {[%clk 0:05:06]}
Kf7 {[%clk 0:04:49]} 29. Kf2 {[%clk 0:05:06]} Rad8 {[%clk 0:04:42]} 30. Rxe8
{[%clk 0:05:06]} Rxe8 {[%clk 0:04:42]} 31. Nc4 {[%clk 0:04:59]} Re6 {[%clk
0:04:36]} 32. Bc7 {[%clk 0:04:41]} Nc5 {[%clk 0:04:36]} 33. Nd6+ {[%clk 0:04:12]}
Rxd6 {[%clk 0:04:36]} 34. Rxc5 {[%clk 0:04:12]} Rd7 {[%clk 0:04:29]} 35. Bf4
{[%clk 0:04:12]} Bxb3 {[%clk 0:04:29]} 36. a5 {[%clk 0:04:12]} Bd5 {[%clk
0:04:23]} 37. a6 {[%clk 0:04:12]} g5 {[%clk 0:04:16]} 38. Be3 {[%clk 0:04:06]}
Ke6 {[%clk 0:04:10]} 39. Rc2 {[%clk 0:04:06]} Kd6 {[%clk 0:04:04]} 40. Bc5+
{[%clk 0:03:59]} Ke6 {[%clk 0:04:04]} 41. g4 {[%clk 0:03:59]} Rf7 {[%clk
0:03:56]} 42. Re2+ {[%clk 0:03:59]} Kd7 {[%clk 0:03:56]} 43. Bxa7 {[%clk
0:03:40]} Bc4 {[%clk 0:03:56]} 44. Rd2+ {[%clk 0:03:35]} Kc7 {[%clk 0:03:56]} 45.
Bd4 {[%clk 0:03:29]} Bxa6 {[%clk 0:03:56]} 46. Ra2 {[%clk 0:03:29]} Kb7 {[%clk
0:03:56]} 47. h4 {[%clk 0:03:22]} h6 {[%clk 0:03:49]} 48. h5 {[%clk 0:03:22]} f5
{[%clk 0:03:49]} 49. Kg3 {[%clk 0:03:16]} fxg4 {[%clk 0:03:49]} 50. fxg4 {[%clk
0:03:16]} Bc4 {[%clk 0:03:42]} 51. Ra7+ {[%clk 0:03:16]} Kc8 {[%clk 0:03:42]} 52.
Rxf7 {[%clk 0:03:16]} Bxf7 {[%clk 0:03:42]} 53. Bg7 {[%clk 0:03:16]} Kd7 {[%clk
0:03:24]} 54. Bxh6 {[%clk 0:03:16]} Ke8 {[%clk 0:03:17]} 55. Bxg5 {[%clk
0:03:16]} Be6 {[%clk 0:03:17]} 56. Be3 {[%clk 0:03:10]} Kf7 {[%clk 0:03:17]} 57.
Kf4 {[%clk 0:03:10]} Kg7 {[%clk 0:03:11]} 58. Bd4+ {[%clk 0:03:10]} Kh7 {[%clk
0:03:11]} 59. Kg5 {[%clk 0:03:03]} Bd7 {[%clk 0:03:06]} 60. Kf4 {[%clk 0:02:46]}
Be6 {[%clk 0:03:06]} 61. Bc5 {[%clk 0:02:46]} Bd7 {[%clk 0:03:06]} 62. Be3 {[%clk
0:02:46]} Be6 {[%clk 0:03:06]} 63. g5 {[%clk 0:02:40]} Bf7 {[%clk 0:03:06]} 64.
Kg4 {[%clk 0:02:40]} Be8 {[%clk 0:03:06]} 65. g6+ {[%clk 0:02:34]} Bxg6 {[%clk
0:03:06]} 66. hxg6+ {[%clk 0:02:34]} Kxg6 {[%clk 0:03:06]} 1/2-1/2

[Event "Campeonato de España Rapid 2017"]
[Site "Linares"]
[Date "2017.08.13"]
[Round "3"]
[White "Blanco Acevedo, Cristobal Jose"]
[Black "Dvirnyy, Danyyil"]
[Result "0-1"]
[Board "15"]
[WhiteTitle "IM"]
[WhiteElo "2297"]
[WhiteCountry "VEN"]
[WhiteFideId "3900525"]
[WhiteEloChange "-4"]
[BlackTitle "GM"]
[BlackElo "2555"]
[BlackCountry "ITA"]
[BlackFideId "817570"]
[BlackEloChange "2"]

1. d4 {[%clk 0:15:05]} d5 {[%clk 0:15:08]} 2. Nf3 {[%clk 0:15:10]} Nf6 {[%clk
0:15:12]} 3. c4 {[%clk 0:15:14]} c6 {[%clk 0:15:16]} 4. Nc3 {[%clk 0:15:15]} e6
{[%clk 0:15:20]} 5. cxd5 {[%clk 0:15:05]} exd5 {[%clk 0:15:23]} 6. Bg5 {[%clk
0:15:06]} Be7 {[%clk 0:15:27]} 7. Qc2 {[%clk 0:14:56]} O-O {[%clk 0:15:20]} 8. e3
{[%clk 0:14:57]} Ne4 {[%clk 0:15:21]} 9. Nxe4 {[%clk 0:14:07]} dxe4 {[%clk
0:15:24]} 10. Bxe7 {[%clk 0:14:11]} Qxe7 {[%clk 0:15:28]} 11. Nd2 {[%clk
0:14:12]} Re8 {[%clk 0:15:26]} 12. g3 {[%clk 0:13:32]} Nd7 {[%clk 0:15:25]} 13.
Bg2 {[%clk 0:13:30]} Nf6 {[%clk 0:15:28]} 14. Rc1 {[%clk 0:13:23]} Bf5 {[%clk
0:15:11]} 15. h3 {[%clk 0:12:45]} Nd5 {[%clk 0:14:40]} 16. a3 {[%clk 0:12:43]} h5
{[%clk 0:14:14]} 17. Qd1 {[%clk 0:12:20]} h4 {[%clk 0:13:22]} 18. Qh5 {[%clk
0:12:09]} g6 {[%clk 0:12:21]} 19. Qxh4 {[%clk 0:12:11]} Qxh4 {[%clk 0:12:16]} 20.
gxh4 {[%clk 0:12:14]} Kg7 {[%clk 0:12:20]} 21. Nf1 {[%clk 0:09:59]} Rh8 {[%clk
0:12:22]} 22. h5 {[%clk 0:09:43]} Rxh5 {[%clk 0:12:24]} 23. Ng3 {[%clk 0:09:02]}
Rh4 {[%clk 0:12:27]} 24. Nxf5+ {[%clk 0:09:03]} gxf5 {[%clk 0:12:31]} 25. Bf1
{[%clk 0:09:03]} f4 {[%clk 0:11:55]} 26. Rg1+ {[%clk 0:08:56]} Kf6 {[%clk
0:11:58]} 27. Kd2 {[%clk 0:09:06]} Rah8 {[%clk 0:11:06]} 28. b4 {[%clk 0:09:08]}
a6 {[%clk 0:11:07]} 29. Rc5 {[%clk 0:08:53]} R8h5 {[%clk 0:10:36]} 30. Rg8 {[%clk
0:07:56]} Rf5 {[%clk 0:10:27]} 31. Bg2 {[%clk 0:05:03]} fxe3+ {[%clk 0:09:05]}
32. fxe3 {[%clk 0:05:06]} Rf2+ {[%clk 0:09:08]} 33. Ke1 {[%clk 0:04:57]} Ra2
{[%clk 0:09:12]} 34. Bf1 {[%clk 0:02:34]} Nxe3 {[%clk 0:08:45]} 35. Be2 {[%clk
0:02:24]} Rxh3 {[%clk 0:08:34]} 36. Kf2 {[%clk 0:00:07]} Rh2+ {[%clk 0:08:34]}
0-1

[Event "Campeonato de España Rapid 2017"]
[Site "Linares"]
[Date "2017.08.13"]
[Round "3"]
[White "Del Rio De Angelis, Salvador G."]
[Black "Martin Duque, Jesus"]
[Result "1-0"]
[Board "16"]
[WhiteTitle "GM"]
[WhiteElo "2542"]
[WhiteCountry "ESP"]
[WhiteFideId "2203138"]
[WhiteEloChange "2"]
[BlackTitle "FM"]
[BlackElo "2297"]
[BlackCountry "ESP"]
[BlackFideId "2208954"]
[BlackEloChange "-4"]

1. d4 {[%clk 0:15:05]} Nf6 {[%clk 0:15:05]} 2. c4 {[%clk 0:15:05]} e6 {[%clk
0:15:05]} 3. Nc3 {[%clk 0:15:05]} d5 {[%clk 0:15:05]} 4. cxd5 {[%clk 0:15:05]}
Nxd5 {[%clk 0:15:05]} 5. e4 {[%clk 0:15:05]} Nxc3 {[%clk 0:15:05]} 6. bxc3 {[%clk
0:15:05]} c5 {[%clk 0:15:05]} 7. Rb1 {[%clk 0:15:05]} Be7 {[%clk 0:14:56]} 8.
Bb5+ {[%clk 0:15:08]} Bd7 {[%clk 0:13:56]} 9. Bd3 {[%clk 0:15:11]} b6 {[%clk
0:13:00]} 10. Nf3 {[%clk 0:15:07]} Nc6 {[%clk 0:12:14]} 11. O-O {[%clk 0:15:00]}
O-O {[%clk 0:11:54]} 12. d5 {[%clk 0:15:02]} exd5 {[%clk 0:11:16]} 13. exd5
{[%clk 0:15:06]} Na5 {[%clk 0:11:11]} 14. Ne5 {[%clk 0:13:56]} Bf6 {[%clk
0:10:31]} 15. Bf4 {[%clk 0:13:23]} Qc8 {[%clk 0:08:35]} 16. Qc2 {[%clk 0:11:37]}
g6 {[%clk 0:07:26]} 17. c4 {[%clk 0:11:32]} Re8 {[%clk 0:06:14]} 18. Rfe1 {[%clk
0:11:22]} Bg7 {[%clk 0:05:19]} 19. Re3 {[%clk 0:11:12]} Bf5 {[%clk 0:04:29]} 20.
Rbe1 {[%clk 0:10:43]} Bxd3 {[%clk 0:04:21]} 21. Qxd3 {[%clk 0:10:46]} Qa6 {[%clk
0:03:42]} 22. d6 {[%clk 0:10:37]} Bxe5 {[%clk 0:03:30]} 23. d7 {[%clk 0:10:19]}
Rf8 {[%clk 0:02:39]} 24. Rxe5 {[%clk 0:10:21]} Qxc4 {[%clk 0:02:41]} 25. Qxc4
{[%clk 0:10:24]} Nxc4 {[%clk 0:02:45]} 26. Re8 {[%clk 0:10:24]} b5 {[%clk
0:15:05]} 1-0

[Event "Campeonato de España Rapid 2017"]
[Site "Linares"]
[Date "2017.08.13"]
[Round "3"]
[White "Forcen Esteban, Daniel"]
[Black "Silva Lucena, Cristian"]
[Result "1-0"]
[Board "18"]
[WhiteTitle "GM"]
[WhiteElo "2523"]
[WhiteCountry "ESP"]
[WhiteFideId "2288230"]
[WhiteEloChange "1"]
[BlackElo "2147"]
[BlackCountry "ESP"]
[BlackFideId "2232588"]
[BlackEloChange "-2"]

1. e4 {[%clk 0:15:08]} c5 {[%clk 0:15:09]} 2. Nf3 {[%clk 0:15:11]} e6 {[%clk
0:15:13]} 3. d4 {[%clk 0:15:14]} cxd4 {[%clk 0:15:17]} 4. Nxd4 {[%clk 0:15:18]}
Nf6 {[%clk 0:15:21]} 5. Nc3 {[%clk 0:15:22]} d6 {[%clk 0:15:25]} 6. Be3 {[%clk
0:15:26]} a6 {[%clk 0:15:29]} 7. f3 {[%clk 0:15:30]} Nbd7 {[%clk 0:15:33]} 8. Qd2
{[%clk 0:15:34]} b5 {[%clk 0:15:37]} 9. g4 {[%clk 0:15:37]} Nb6 {[%clk 0:15:41]}
10. a4 {[%clk 0:15:39]} b4 {[%clk 0:15:39]} 11. Na2 {[%clk 0:15:43]} d5 {[%clk
0:15:43]} 12. g5 {[%clk 0:15:44]} Nfd7 {[%clk 0:15:46]} 13. a5 {[%clk 0:15:47]}
Na4 {[%clk 0:14:21]} 14. exd5 {[%clk 0:15:49]} exd5 {[%clk 0:13:53]} 15. b3
{[%clk 0:13:07]} Nc3 {[%clk 0:13:29]} 16. Nc6 {[%clk 0:13:10]} Qc7 {[%clk
0:12:59]} 17. Naxb4 {[%clk 0:13:13]} Bb7 {[%clk 0:12:31]} 18. Qxc3 {[%clk
0:11:40]} Bxb4 {[%clk 0:12:28]} 19. Qxb4 {[%clk 0:11:43]} Qxc6 {[%clk 0:12:32]}
20. O-O-O {[%clk 0:11:38]} O-O-O {[%clk 0:11:35]} 21. Rd3 {[%clk 0:10:08]} Kb8
{[%clk 0:11:18]} 22. Rc3 {[%clk 0:10:12]} Qe6 {[%clk 0:11:21]} 23. Bf4+ {[%clk
0:10:05]} Ne5 {[%clk 0:11:09]} 24. Bxa6 {[%clk 0:08:13]} Qxa6 {[%clk 0:11:03]}
25. Bxe5+ {[%clk 0:08:17]} Ka8 {[%clk 0:11:06]} 26. Bxg7 {[%clk 0:08:18]} Rhe8
{[%clk 0:11:01]} 27. Bd4 {[%clk 0:08:20]} Re2 {[%clk 0:10:51]} 28. Bb6 {[%clk
0:08:03]} Rde8 {[%clk 0:10:08]} 29. Rc7 {[%clk 0:07:55]} Rg2 {[%clk 0:09:41]} 30.
h4 {[%clk 0:07:36]} Qe2 {[%clk 0:09:04]} 31. Kb1 {[%clk 0:07:10]} Qa6 {[%clk
0:08:29]} 32. Qc5 {[%clk 0:05:48]} Rge2 {[%clk 0:08:03]} 33. Kb2 {[%clk 0:05:42]}
Qd3 {[%clk 0:08:03]} 34. Rxb7 {[%clk 0:04:09]} Rxc2+ {[%clk 0:06:57]} 35. Qxc2
{[%clk 0:04:12]} Re2 {[%clk 0:06:59]} 36. Ra7+ {[%clk 0:04:16]} Kb8 {[%clk
0:07:03]} 37. Rc1 {[%clk 0:04:19]} Qxf3 {[%clk 0:06:37]} 38. Re7 {[%clk 0:03:35]}
Rg2 {[%clk 0:05:35]} 39. a6 {[%clk 0:03:38]} 1-0

[Event "Campeonato de España Rapid 2017"]
[Site "Linares"]
[Date "2017.08.13"]
[Round "3"]
[White "Oliva Castaneda, Kevel"]
[Black "Bernabeu Lopez, Carlos Javier"]
[Result "1-0"]
[Board "19"]
[WhiteTitle "IM"]
[WhiteElo "2516"]
[WhiteCountry "CUB"]
[WhiteFideId "3500799"]
[WhiteEloChange "1"]
[BlackTitle "FM"]
[BlackElo "2097"]
[BlackCountry "ESP"]
[BlackFideId "2235366"]
[BlackEloChange "-2"]

1. d4 {[%clk 0:15:09]} Nf6 {[%clk 0:15:02]} 2. c4 {[%clk 0:15:12]} g6 {[%clk
0:15:06]} 3. Nc3 {[%clk 0:15:14]} Bg7 {[%clk 0:15:10]} 4. e4 {[%clk 0:15:18]} d6
{[%clk 0:15:14]} 5. Nf3 {[%clk 0:15:22]} O-O {[%clk 0:15:17]} 6. Be2 {[%clk
0:15:26]} Bg4 {[%clk 0:15:21]} 7. Be3 {[%clk 0:15:30]} Nfd7 {[%clk 0:15:25]} 8.
h4 {[%clk 0:15:03]} Nc6 {[%clk 0:15:06]} 9. d5 {[%clk 0:14:45]} Na5 {[%clk
0:14:08]} 10. Nd2 {[%clk 0:14:21]} Bxe2 {[%clk 0:14:03]} 11. Qxe2 {[%clk
0:14:24]} c5 {[%clk 0:12:42]} 12. h5 {[%clk 0:14:25]} a6 {[%clk 0:12:37]} 13.
hxg6 {[%clk 0:14:28]} fxg6 {[%clk 0:12:22]} 14. Bh6 {[%clk 0:13:25]} Ne5 {[%clk
0:11:54]} 15. Bxg7 {[%clk 0:13:22]} Kxg7 {[%clk 0:11:57]} 16. O-O-O {[%clk
0:10:56]} b5 {[%clk 0:11:46]} 17. Qe3 {[%clk 0:10:49]} Kg8 {[%clk 0:11:42]} 18.
Qh3 {[%clk 0:09:12]} Rf7 {[%clk 0:11:43]} 19. f4 {[%clk 0:09:04]} Nexc4 {[%clk
0:11:15]} 20. Nf3 {[%clk 0:09:06]} Qc8 {[%clk 0:10:43]} 21. g4 {[%clk 0:08:48]}
h5 {[%clk 0:09:59]} 22. f5 {[%clk 0:08:11]} Qf8 {[%clk 0:08:51]} 23. gxh5 {[%clk
0:05:54]} gxf5 {[%clk 0:08:27]} 24. Rdg1+ {[%clk 0:05:12]} Kh8 {[%clk 0:08:30]}
25. Rg6 {[%clk 0:04:05]} fxe4 {[%clk 0:08:16]} 26. Ng5 {[%clk 0:04:04]} Rf2
{[%clk 0:08:17]} 27. Ne6 {[%clk 0:00:47]} Rc2+ {[%clk 0:07:29]} 28. Kd1 {[%clk
0:00:40]} Rd2+ {[%clk 0:06:08]} 29. Kc1 {[%clk 0:00:44]} Rc2+ {[%clk 0:06:12]}
30. Kb1 {[%clk 0:00:49]} Rxb2+ {[%clk 0:06:00]} 31. Ka1 {[%clk 0:00:53]} Rf2
{[%clk 0:02:05]} 32. Nxf8 {[%clk 0:00:55]} Raxf8 {[%clk 0:02:08]} 33. Rh6+ {[%clk
0:00:57]} Kg7 {[%clk 0:02:13]} 34. Qg4+ {[%clk 0:01:01]} 1-0

[Event "Campeonato de España Rapid 2017"]
[Site "Linares"]
[Date "2017.08.13"]
[Round "3"]
[White "Gines Esteo, Pedro Antonio"]
[Black "Larino Nieto, David"]
[Result "0-1"]
[Board "20"]
[WhiteTitle "FM"]
[WhiteElo "1986"]
[WhiteCountry "ESP"]
[WhiteFideId "32080190"]
[WhiteEloChange "-2"]
[BlackTitle "GM"]
[BlackElo "2509"]
[BlackCountry "ESP"]
[BlackFideId "2256444"]
[BlackEloChange "1"]

1. d4 {[%clk 0:15:08]} e6 {[%clk 0:10:52]} 2. Nf3 {[%clk 0:15:11]} b6 {[%clk
0:10:50]} 3. e4 {[%clk 0:14:53]} Bb7 {[%clk 0:10:52]} 4. Bd3 {[%clk 0:14:56]} d6
{[%clk 0:10:51]} 5. c4 {[%clk 0:14:57]} Nd7 {[%clk 0:10:52]} 6. Nc3 {[%clk
0:15:00]} h6 {[%clk 0:10:53]} 7. O-O {[%clk 0:14:58]} g5 {[%clk 0:10:56]} 8. d5
{[%clk 0:14:20]} Bg7 {[%clk 0:10:33]} 9. dxe6 {[%clk 0:14:17]} fxe6 {[%clk
0:10:35]} 10. e5 {[%clk 0:14:14]} Nxe5 {[%clk 0:10:19]} 11. Nxe5 {[%clk 0:14:17]}
Bxe5 {[%clk 0:10:22]} 12. Bg6+ {[%clk 0:13:54]} Kd7 {[%clk 0:10:24]} 13. f4
{[%clk 0:13:57]} gxf4 {[%clk 0:10:20]} 14. Bxf4 {[%clk 0:14:00]} Bxf4 {[%clk
0:10:10]} 15. Rxf4 {[%clk 0:14:02]} Qg5 {[%clk 0:10:12]} 16. Rg4 {[%clk 0:08:22]}
Qc5+ {[%clk 0:10:16]} 17. Kh1 {[%clk 0:08:24]} Nf6 {[%clk 0:10:19]} 18. Ne4
{[%clk 0:08:05]} Bxe4 {[%clk 0:10:09]} 19. Rxe4 {[%clk 0:06:24]} Rag8 {[%clk
0:08:51]} 20. Qa4+ {[%clk 0:06:03]} Qc6 {[%clk 0:08:26]} 21. Qxc6+ {[%clk
0:05:29]} Kxc6 {[%clk 0:08:29]} 22. Rf1 {[%clk 0:05:22]} Rxg6 {[%clk 0:08:29]}
23. Rxe6 {[%clk 0:05:26]} Re8 {[%clk 0:08:12]} 0-1

[Event "Campeonato de España Rapid 2017"]
[Site "Linares"]
[Date "2017.08.13"]
[Round "3"]
[White "Rodriguez Del Cerro, Ricardo"]
[Black "Moreno Ruiz, Javier"]
[Result "0-1"]
[Board "21"]
[WhiteElo "1543"]
[WhiteCountry "ESP"]
[WhiteFideId "24512451"]
[WhiteEloChange "-2"]
[BlackTitle "IM"]
[BlackElo "2471"]
[BlackCountry "ESP"]
[BlackFideId "2203146"]
[BlackEloChange "1"]

1. c4 {[%clk 0:15:05]} g6 {[%clk 0:15:07]} 2. Nc3 {[%clk 0:15:01]} Bg7 {[%clk
0:15:11]} 3. Nf3 {[%clk 0:15:04]} d6 {[%clk 0:15:07]} 4. d4 {[%clk 0:15:07]} Nf6
{[%clk 0:15:10]} 5. g3 {[%clk 0:15:11]} O-O {[%clk 0:15:12]} 6. Bg2 {[%clk
0:15:14]} c6 {[%clk 0:15:09]} 7. O-O {[%clk 0:15:17]} Qa5 {[%clk 0:15:12]} 8. e4
{[%clk 0:15:17]} e5 {[%clk 0:15:15]} 9. d5 {[%clk 0:15:13]} cxd5 {[%clk 0:15:13]}
10. cxd5 {[%clk 0:15:13]} b5 {[%clk 0:15:14]} 11. Qc2 {[%clk 0:12:12]} b4 {[%clk
0:15:11]} 12. Ne2 {[%clk 0:10:55]} Ba6 {[%clk 0:15:01]} 13. Re1 {[%clk 0:09:53]}
Rc8 {[%clk 0:14:53]} 14. Qb1 {[%clk 0:09:51]} Nbd7 {[%clk 0:14:38]} 15. a3 {[%clk
0:07:36]} Nc5 {[%clk 0:13:06]} 16. axb4 {[%clk 0:07:32]} Qxb4 {[%clk 0:13:09]}
17. Be3 {[%clk 0:05:12]} Nfxe4 {[%clk 0:12:19]} 18. Nxe5 {[%clk 0:01:40]} Bxe5
{[%clk 0:11:24]} 19. Rxa6 {[%clk 0:01:44]} Nxa6 {[%clk 0:11:08]} 20. Bxe4 {[%clk
0:01:47]} Nc5 {[%clk 0:10:59]} 21. Bf3 {[%clk 0:00:22]} Qxb2 {[%clk 0:10:43]} 22.
Qd1 {[%clk 0:00:26]} Qb3 {[%clk 0:10:34]} 23. Qxb3 {[%clk 0:00:10]} Nxb3 {[%clk
0:10:38]} 24. Kg2 {[%clk 0:00:09]} a5 {[%clk 0:10:39]} 25. Rb1 {[%clk 0:00:10]}
a4 {[%clk 0:10:41]} 26. Nc1 {[%clk 0:00:09]} Nxc1 {[%clk 0:10:42]} 27. Bxc1
{[%clk 0:00:12]} a3 {[%clk 0:10:43]} 28. Bxa3 {[%clk 0:00:06]} Rxa3 {[%clk
0:10:43]} 0-1

[Event "Campeonato de España Rapid 2017"]
[Site "Linares"]
[Date "2017.08.13"]
[Round "3"]
[White "Jimenez Martinez, Jose Vicente"]
[Black "Alsina Leal, Daniel"]
[Result "0-1"]
[Board "23"]
[WhiteTitle "FM"]
[WhiteElo "2234"]
[WhiteCountry "ESP"]
[WhiteFideId "2264021"]
[WhiteEloChange "-3"]
[BlackTitle "GM"]
[BlackElo "2531"]
[BlackCountry "ESP"]
[BlackFideId "2252627"]
[BlackEloChange "2"]

1. d4 {[%clk 0:15:07]} Nf6 {[%clk 0:15:09]} 2. c4 {[%clk 0:15:11]} g6 {[%clk
0:15:12]} 3. Nc3 {[%clk 0:15:14]} d5 {[%clk 0:15:16]} 4. cxd5 {[%clk 0:15:14]}
Nxd5 {[%clk 0:15:20]} 5. e4 {[%clk 0:15:06]} Nxc3 {[%clk 0:15:23]} 6. bxc3 {[%clk
0:15:09]} Bg7 {[%clk 0:15:27]} 7. Be3 {[%clk 0:14:59]} c5 {[%clk 0:15:27]} 8. Qd2
{[%clk 0:15:02]} Qa5 {[%clk 0:15:27]} 9. Rc1 {[%clk 0:15:04]} O-O {[%clk
0:15:20]} 10. Nf3 {[%clk 0:15:03]} Rd8 {[%clk 0:15:21]} 11. d5 {[%clk 0:14:21]}
e6 {[%clk 0:15:23]} 12. c4 {[%clk 0:14:23]} Qxd2+ {[%clk 0:14:55]} 13. Kxd2
{[%clk 0:14:15]} Na6 {[%clk 0:14:33]} 14. h4 {[%clk 0:13:33]} h6 {[%clk 0:10:52]}
15. Ne1 {[%clk 0:11:28]} Bd7 {[%clk 0:09:20]} 16. f4 {[%clk 0:10:02]} Be8 {[%clk
0:08:20]} 17. Ke2 {[%clk 0:08:10]} f5 {[%clk 0:07:49]} 18. dxe6 {[%clk 0:08:12]}
fxe4 {[%clk 0:07:43]} 19. g4 {[%clk 0:08:15]} Nb4 {[%clk 0:07:10]} 20. a3 {[%clk
0:06:26]} Na2 {[%clk 0:06:20]} 21. Rc2 {[%clk 0:06:27]} Nc3+ {[%clk 0:06:22]} 22.
Rxc3 {[%clk 0:05:53]} Bxc3 {[%clk 0:06:24]} 23. f5 {[%clk 0:05:56]} h5 {[%clk
0:05:22]} 24. Rg1 {[%clk 0:04:13]} hxg4 {[%clk 0:04:46]} 25. Rxg4 {[%clk
0:04:06]} Kh7 {[%clk 0:04:49]} 26. Bh3 {[%clk 0:03:49]} gxf5 {[%clk 0:02:21]} 27.
Rg5 {[%clk 0:03:53]} Bf6 {[%clk 0:02:21]} 28. Bxf5+ {[%clk 0:03:38]} Kh8 {[%clk
0:02:20]} 29. Rg1 {[%clk 0:02:45]} Bh5+ {[%clk 0:02:13]} 30. Bg4 {[%clk 0:02:27]}
Bxg4+ {[%clk 0:02:13]} 31. Rxg4 {[%clk 0:02:31]} Rd6 {[%clk 0:02:15]} 32. Rxe4
{[%clk 0:02:24]} Re8 {[%clk 0:02:19]} 33. Nd3 {[%clk 0:02:18]} Rdxe6 {[%clk
0:02:15]} 34. Rxe6 {[%clk 0:02:19]} Rxe6 {[%clk 0:02:19]} 35. Nxc5 {[%clk
0:02:20]} Re7 {[%clk 0:02:20]} 36. Kd3 {[%clk 0:02:16]} Bxh4 {[%clk 0:02:17]} 37.
Bd4+ {[%clk 0:02:10]} Kg8 {[%clk 0:02:19]} 38. a4 {[%clk 0:02:04]} Kf7 {[%clk
0:02:19]} 39. a5 {[%clk 0:02:01]} a6 {[%clk 0:02:20]} 40. Ne4 {[%clk 0:01:56]}
Rd7 {[%clk 0:01:46]} 41. Ke3 {[%clk 0:01:25]} Be7 {[%clk 0:01:19]} 42. Bc5 {[%clk
0:00:14]} Ke8 {[%clk 0:00:52]} 43. Bxe7 {[%clk 0:00:06]} Rxe7 {[%clk 0:00:50]}
44. Kd4 {[%clk 0:00:18]} Kd7 {[%clk 0:00:43]} 45. Kd5 {[%clk 0:00:22]} Kc7 {[%clk
0:00:32]} 46. Nc5 {[%clk 0:00:22]} Kb8 {[%clk 0:00:31]} 47. Na4 {[%clk 0:00:18]}
Re1 {[%clk 0:00:30]} 48. Kc5 {[%clk 0:00:17]} Ra1 {[%clk 0:00:33]} 49. Kb4 {[%clk
0:00:15]} Kc7 {[%clk 0:00:36]} 50. Nc5 {[%clk 0:00:09]} Kc6 {[%clk 0:00:37]} 51.
Ne6 {[%clk 0:00:12]} Rb1+ {[%clk 0:00:36]} 52. Kc3 {[%clk 0:00:17]} Rc1+ {[%clk
0:00:36]} 53. Kb4 {[%clk 0:00:21]} Rd1 {[%clk 0:00:38]} 54. Kc3 {[%clk 0:00:24]}
Rh1 {[%clk 0:00:23]} 55. Nd4+ {[%clk 0:00:27]} Kd6 {[%clk 0:00:23]} 56. Kb4
{[%clk 0:00:28]} Rb1+ {[%clk 0:00:19]} 57. Kc3 {[%clk 0:00:32]} Kc7 {[%clk
0:00:07]} 58. Ne6+ {[%clk 0:00:28]} Kb8 {[%clk 0:00:08]} 59. Nd4 {[%clk 0:00:22]}
Ka7 {[%clk 0:00:11]} 60. c5 {[%clk 0:00:21]} Kb8 {[%clk 0:00:08]} 61. Kc4 {[%clk
0:00:11]} Kc7 {[%clk 0:00:10]} 62. Ne6+ {[%clk 0:00:15]} Kd7 {[%clk 0:00:14]} 63.
Nd4 {[%clk 0:00:19]} Ra1 {[%clk 0:00:08]} 64. Kb4 {[%clk 0:00:23]} Rh1 {[%clk
0:00:09]} 65. Kc4 {[%clk 0:00:23]} Rh4 {[%clk 0:00:02]} 66. Kd5 {[%clk 0:00:28]}
Rg4 67. Kc4 {[%clk 0:00:23]} Rg5 {[%clk 0:00:10]} 68. Kb4 {[%clk 0:00:24]} Rh5
{[%clk 0:00:13]} 69. Kc4 {[%clk 0:00:28]} Rh1 {[%clk 0:00:07]} 70. Kb4 {[%clk
0:00:32]} Rb1+ {[%clk 0:00:10]} 71. Kc4 {[%clk 0:00:36]} Ra1 {[%clk 0:00:14]} 72.
Kb4 {[%clk 0:00:41]} Kc7 {[%clk 0:00:16]} 73. Ne6+ {[%clk 0:00:43]} Kc6 {[%clk
0:00:18]} 74. Nd8+ {[%clk 0:00:45]} Kd5 {[%clk 0:00:22]} 75. Nf7 {[%clk 0:00:06]}
Rb1+ {[%clk 0:00:24]} 76. Ka4 {[%clk 0:00:09]} Kxc5 {[%clk 0:00:27]} 77. Ne5
{[%clk 0:00:14]} Ra1+ {[%clk 0:00:29]} 78. Kb3 {[%clk 0:00:18]} Rxa5 {[%clk
0:00:32]} 79. Nd3+ {[%clk 0:00:17]} Kd4 {[%clk 0:00:36]} 80. Nb4 {[%clk 0:00:19]}
Rb5 {[%clk 0:00:39]} 81. Ka4 {[%clk 0:00:23]} Rxb4+ {[%clk 0:00:39]} 0-1

[Event "Campeonato de España Rapid 2017"]
[Site "Linares"]
[Date "2017.08.13"]
[Round "3"]
[White "Fernandez Torre, Ivan"]
[Black "Narciso Dublan, Marc"]
[Result "0-1"]
[Board "25"]
[WhiteElo "2171"]
[WhiteCountry "ESP"]
[WhiteFideId "2229528"]
[WhiteEloChange "-2"]
[BlackTitle "GM"]
[BlackElo "2516"]
[BlackCountry "ESP"]
[BlackFideId "2201500"]
[BlackEloChange "1"]

1. d4 {[%clk 0:15:09]} e6 {[%clk 0:15:09]} 2. c4 {[%clk 0:15:12]} f5 {[%clk
0:15:13]} 3. Nc3 {[%clk 0:15:16]} Bb4 {[%clk 0:15:16]} 4. e3 {[%clk 0:15:05]}
Bxc3+ {[%clk 0:15:18]} 5. bxc3 {[%clk 0:15:09]} Nf6 {[%clk 0:15:22]} 6. Bd3
{[%clk 0:15:08]} O-O {[%clk 0:15:24]} 7. Ne2 {[%clk 0:15:09]} d6 {[%clk 0:15:23]}
8. O-O {[%clk 0:15:10]} e5 {[%clk 0:15:25]} 9. f3 {[%clk 0:14:18]} c5 {[%clk
0:15:15]} 10. e4 {[%clk 0:14:05]} fxe4 {[%clk 0:15:08]} 11. fxe4 {[%clk 0:14:04]}
Bg4 {[%clk 0:13:55]} 12. Bg5 {[%clk 0:13:44]} cxd4 {[%clk 0:13:43]} 13. cxd4
{[%clk 0:13:37]} Nc6 {[%clk 0:13:28]} 14. d5 {[%clk 0:12:20]} Nd4 {[%clk
0:13:29]} 15. Bxf6 {[%clk 0:12:23]} Rxf6 {[%clk 0:13:27]} 16. Rxf6 {[%clk
0:12:26]} Qxf6 {[%clk 0:13:30]} 17. Qf1 {[%clk 0:12:30]} Qxf1+ {[%clk 0:13:23]}
18. Kxf1 {[%clk 0:12:27]} Rf8+ {[%clk 0:13:26]} 19. Ke1 {[%clk 0:12:30]} Bxe2
{[%clk 0:13:30]} 0-1